[Event "63. BEM 2009"]
[Site "Dortmund"]
[Date "2009.03.02"]
[Round "4.22"]
[White "Vogt, Christian"]
[Black "Schrimpl, Michael"]
[Result "0-1"]
[WhiteElo "1046"]
[BlackElo "1476"]
[PlyCount "116"]
[EventDate "2009.??.??"]
[Source "SG Dortmund"]
[SourceDate "2004.12.16"]

1. d4 Nf6 2. c4 c5 3. d5 b5 4. e3 bxc4 5. Bxc4 d6 6. Nc3 a6 7. a4 g6 8. a5 Bg7
9. h3 O-O 10. Nf3 Nbd7 11. O-O Ne8 12. Bd2 Ne5 13. Nxe5 Bxe5 14. Qc2 Bd7 15.
Na4 Bxa4 16. Rxa4 Nc7 17. Bc3 Bxc3 18. bxc3 Qd7 19. Rb1 Rfb8 20. Ra2 Rxb1+ 21.
Qxb1 Nb5 22. Bxb5 Qxb5 23. Qxb5 {(=)} 23... axb5 24. a6 b4 25. cxb4 cxb4 26. a7
b3 27. Rb2 Rxa7 28. Rxb3 Ra1+ 29. Kh2 Kg7 30. f4 Ra4 31. Kg3 Kf6 32. Kf3 h5 33.
h4 e6 34. Rd3 e5 35. e4 Ra1 36. fxe5+ Kxe5 37. Re3 Rf1+ 38. Kg3 Rf4 39. Rf3
Rg4+ 40. Kf2 Rxh4 41. Rxf7 Rxe4 42. Rg7 Rg4 43. Kf3 Kxd5 44. g3 Ke6 45. Rg8 Ke5
46. Re8+ Kd4 47. Re1 d5 48. Rg1 Ke5 49. Ra1 Rc4 50. Ra6 Kf5 51. Ra5 Rc3+ 52.
Kg2 Kg4 53. Rxd5 Rxg3+ 54. Kh2 Rf3 55. Rd4+ Rf4 56. Rd2 Kf3 57. Rd6 Kf2 58. Kh3
g5 0-1

[Event "63. BEM 2009"]
[Site "Dortmund"]
[Date "2009.03.02"]
[Round "4.24"]
[White "Hast, Stefan"]
[Black "Schirmer, Michael"]
[Result "1/2-1/2"]
[WhiteElo "1143"]
[BlackElo "1424"]
[PlyCount "98"]
[EventDate "2009.??.??"]
[Source "SG Dortmund"]
[SourceDate "2004.12.16"]

1. e4 d5 2. exd5 Qxd5 3. Nc3 Qd8 4. d4 c6 5. Nf3 Bg4 6. h3 Bxf3 7. Qxf3 Nf6 8.
Be3 e6 9. g4 Bb4 10. Bd2 Qxd4 11. O-O-O Bxc3 12. Bxc3 Qe4 13. Qg3 Nbd7 14. Bg2
Qc4 15. b3 Qb5 16. a4 Qc5 17. b4 Qc4 18. Rd4 Qa2 19. a5 Nd5 20. Bxd5 cxd5 21.
Kd2 Qa4 22. b5 Qxb5 23. Rb4 Qc6 24. Bxg7 Rg8 25. Bd4 Nc5 26. f3 Na6 27. Rb3 Qa4
28. Bc3 Rc8 29. Ra1 Qc6 30. Rc1 Qc5 31. Qe5 Qf2+ 32. Qe2 Qxe2+ 33. Kxe2 Nc5 34.
Ra3 Rg5 35. h4 Rg6 36. Bd4 Kd7 37. Rb1 Kd6 38. Rc3 e5 39. Bxc5+ Rxc5 40. Rxc5
Kxc5 41. Rxb7 Rf6 42. c3 a6 43. h5 Kc4 44. Rd7 h6 45. Ke3 Rf4 46. Rc7+ Kb5 47.
Rd7 Kc6 48. Ra7 Kb5 49. Rd7 Kc6 1/2-1/2

[Event "63. BEM 2009"]
[Site "Dortmund"]
[Date "2009.03.02"]
[Round "4.25"]
[White "Jentzsch, Werner Wilfried"]
[Black "Müller, Michaela"]
[Result "1-0"]
[WhiteElo "1414"]
[BlackElo "1025"]
[PlyCount "159"]
[EventDate "2009.??.??"]
[Source "SG Dortmund"]
[SourceDate "2004.12.16"]

1. d4 e6 2. c4 d5 3. c5 Nc6 4. Nf3 Be7 5. Nc3 Bf6 6. e3 a6 7. a3 Nge7 8. Qc2 g6
9. Bd3 Bg7 10. Bd2 Bd7 11. h4 h5 12. Ne2 e5 13. dxe5 Nxe5 14. Nxe5 Bxe5 15. Bc3
Bxc3+ 16. Qxc3 Rf8 17. Qe5 c6 18. Nf4 Qb8 19. Nxg6 Qxe5 20. Nxe5 O-O-O 21. Be2
f6 22. Nxd7 Kxd7 23. Bxh5 f5 24. O-O-O Kc7 25. Rd4 Rf6 26. Rf4 Rdf8 27. Be2 Ng6
28. Rd4 Rh8 29. Kd2 Ne7 30. g3 Rfh6 31. Bd3 Rh5 32. Be2 R5h6 33. Bf3 R6h7 34.
Ke2 Kd7 35. Rb4 Kc7 36. Rd4 Rh6 37. h5 Kb8 38. g4 fxg4 39. Bxg4 Rf8 40. f3 Kc7
41. b4 b6 42. cxb6+ Kxb6 43. Kf2 Ra8 44. Rf4 Rg8 45. Rf7 Nc8 46. Bxc8 Rxc8 47.
Rg7 Rch8 48. Rg5 Kc7 49. f4 Kb6 50. a4 a5 51. b5 R8h7 52. Rg6 Rxh5 53. Rxc6+
Kb7 54. Rxh5 Rxh5 55. Ra6 Rh2+ 56. Kf3 Rh3+ 57. Ke2 Rh2+ 58. Kd3 Rh8 59. Rxa5
Rd8 60. Kd4 Kb6 61. Ra6+ Kb7 62. Rc6 Ra8 63. Ra6 Rd8 64. Kc5 Re8 65. Kd4 Rd8
66. f5 Rf8 67. f6 Rd8 68. f7 Rf8 69. Rf6 Kb8 70. Kxd5 Kb7 71. Ke6 Ra8 72. f8=Q
Rxa4 73. Rf7+ Kb6 74. Qb8+ Kc5 75. Rc7+ Kb4 76. Qf8+ Kb3 77. b6 Re4+ 78. Kd5
Rxe3 79. b7 Rd3+ 80. Ke4 {und Schwarz ueberschritt die Zeit ...} 1-0

[Event "63. BEM 2009"]
[Site "Dortmund"]
[Date "2009.03.02"]
[Round "4.26"]
[White "Schoppe, Hans-Werner"]
[Black "Böckmann, Lieselotte"]
[Result "1-0"]
[WhiteElo "1299"]
[BlackElo "978"]
[PlyCount "67"]
[EventDate "2009.??.??"]
[Source "SG Dortmund"]
[SourceDate "2004.12.16"]

1. d4 d5 2. Nf3 e6 3. Bf4 Be7 4. e3 Nd7 5. c4 Ngf6 6. Nc3 a6 7. a3 Nb6 8. c5
Nc4 9. Bxc4 dxc4 10. Qa4+ c6 11. Qxc4 b5 12. cxb6 Rb8 13. Bc7 Qd7 14. Ne5 O-O
15. Nxd7 Nxd7 16. Bxb8 Nxb8 17. Na4 c5 18. Nxc5 Nc6 19. b4 Rd8 20. h3 e5 21. d5
Nb8 22. e4 Bd6 23. O-O Be7 24. b7 Be6 25. dxe6 f6 26. Rad1 Re8 27. Nxa6 Nxa6
28. Qxa6 h6 29. Qa8 Rxa8 30. bxa8=Q+ Kh7 31. Qe8 Bxb4 32. Rd7 h5 33. Qf7 Kh6
34. Qxg7# 1-0

[Event "63. BEM 2009"]
[Site "Dortmund"]
[Date "2009.03.02"]
[Round "4.28"]
[White "Strotmann, Dieter"]
[Black "Gennat, Egon L"]
[Result "0-1"]
[WhiteElo "1192"]
[BlackElo "1362"]
[PlyCount "80"]
[EventDate "2009.??.??"]
[Source "SG Dortmund"]
[SourceDate "2004.12.16"]

1. d4 d5 2. Nf3 Nf6 3. Bf4 e6 4. h3 Nbd7 5. e3 Be7 6. Bd3 c5 7. c4 cxd4 8. Nxd4
e5 9. Bg3 exd4 10. exd4 dxc4 11. Bxc4 Bb4+ 12. Nc3 Ne4 13. Bxf7+ Kxf7 14. Qh5+
Kf8 15. O-O Ndf6 16. Qe5 Nxc3 17. bxc3 Be7 18. Rfe1 Qd7 19. Rad1 Nd5 20. c4 Bf6
21. Qxd5 Qxd5 22. cxd5 Kf7 23. Rc1 Rd8 24. d6 Be6 25. Be5 Rd7 26. Rc2 b5 27.
Rec1 Bc4 28. a4 a6 29. Ra1 Raa7 30. axb5 axb5 31. Rcc1 Rxa1 32. Rxa1 Bd8 33.
Ra3 g6 34. Ra6 Ke6 35. Rc6 Bd5 36. Rc7 b4 37. Rc5 Rb7 38. Rc1 b3 39. Bg3 Ra7
40. Re1+ Kf7 0-1

[Event "63. BEM 2009"]
[Site "Dortmund"]
[Date "2009.03.02"]
[Round "4.29"]
[White "Rabe, Mark"]
[Black "Wilkins, Petra"]
[Result "1-0"]
[WhiteElo "999"]
[BlackElo "780"]
[PlyCount "100"]
[EventDate "2009.??.??"]
[Source "SG Dortmund"]
[SourceDate "2004.12.16"]

1. Nf3 d5 2. d4 Nf6 3. e3 e6 4. c4 Ne4 5. Nbd2 Nc6 6. Bd3 Nxd2 7. Bxd2 Bb4 8.
Bxb4 Nxb4 9. Qa4+ Nc6 10. b4 O-O 11. b5 Ne7 12. h4 b6 13. Qc2 Bb7 14. Bxh7+ Kh8
15. h5 Nf5 16. Bxf5 exf5 17. Qxf5 Qf6 18. Qg5 Qxg5 19. Nxg5 dxc4 20. h6 Be4 21.
Nxe4 Kh7 22. hxg7+ Kxg7 23. Rc1 c5 24. bxc6 b5 25. Kd2 Rac8 26. Rh3 Rxc6 27.
Rg3+ Rg6 28. Rxg6+ fxg6 29. f3 a5 30. a3 Rh8 31. d5 Rc8 32. Kc3 Rd8 33. d6 Kf7
34. Rd1 Ke6 35. Nc5+ Kf5 36. Nb7 Ra8 37. d7 b4+ 38. axb4 axb4+ 39. Kxc4 Rb8 40.
d8=Q Rxd8 41. Rxd8 Kg5 42. Kxb4 Kh4 43. e4 g5 44. e5 Kg3 45. e6 Kxg2 46. Rg8
Kxf3 47. Rxg5 Kf4 48. Rg7 Kf5 49. e7 Kf6 50. e8=Q Kxg7 1-0

[Event "63. BEM 2009"]
[Site "Dortmund"]
[Date "2009.03.03"]
[Round "5.1"]
[White "Kartsev, Soel"]
[Black "Schiefelbusch, Dirk"]
[Result "0-1"]
[WhiteElo "2127"]
[BlackElo "2093"]
[PlyCount "90"]
[EventDate "2009.??.??"]
[Source "SG Dortmund"]
[SourceDate "2004.12.16"]

1. Nf3 d5 2. d4 Nf6 3. Bg5 Bg4 4. Nbd2 e6 5. a3 Bh5 6. e3 Be7 7. g4 Bg6 8. Bxf6
Bxf6 9. h4 h5 10. g5 Be7 11. Ne5 Bf5 12. g6 fxg6 13. Bd3 Rh6 14. Qe2 Nd7 15.
Ndf3 Bf6 16. O-O-O Qe7 17. e4 dxe4 18. Bxe4 O-O-O 19. Rhe1 Bxe5 20. Nxe5 Nxe5
21. dxe5 Rhh8 22. Bxb7+ Kxb7 23. Qb5+ Kc8 24. Qa6+ Kb8 25. Qb5+ Kc8 26. Qa6+
Kb8 27. Re3 Rxd1+ 28. Kxd1 Qd7+ 29. Kc1 c6 30. a4 Rd8 31. Rb3+ Ka8 32. Qe2 Qd5
33. f3 Qd4 34. Kb1 Qd1+ 35. Qxd1 Rxd1+ 36. Ka2 Bxc2 37. Rb4 Rd5 38. b3 Bd1 39.
f4 Bf3 40. Kb2 a5 41. Rc4 c5 42. Rc1 Kb7 43. Rf1 Rd3 44. Kc2 Be4 45. Kb2 Kc6
0-1

[Event "63. BEM 2009"]
[Site "Dortmund"]
[Date "2009.03.03"]
[Round "5.2"]
[White "Begna, Bozidar"]
[Black "Zelt, Jens"]
[Result "0-1"]
[WhiteElo "1937"]
[BlackElo "2015"]
[Annotator "P. Schulenburg"]
[PlyCount "170"]
[EventDate "2009.??.??"]
[Source "SG Dortmund"]
[SourceDate "2004.12.16"]

1. e4 c5 2. Nf3 a6 3. c4 b6 4. d4 cxd4 5. Nxd4 Bb7 6. Nc3 d6 7. Be3 Nf6 8. Be2
Nxe4 9. Nxe4 Bxe4 10. Bf3 Bxf3 11. Qxf3 Nd7 12. O-O Ne5 13. Qe2 Qc7 14. b3 e6
15. f4 Nc6 16. Nf5 g6 17. Ng3 Bg7 18. Rad1 O-O 19. Ne4 Rfd8 20. Qf2 Rab8 21.
Qh4 f5 22. Nf6+ Bxf6 23. Qxf6 Qf7 24. Qb2 Qc7 25. Rf3 e5 26. Rh3 b5 27. cxb5
axb5 28. Qc2 Qb7 29. a4 Rbc8 30. Qd3 bxa4 31. Qd5+ Kg7 32. bxa4 h5 33. a5 e4
34. Bd4+ Kh6 35. Rb3 Qe7 36. Bb6 Rd7 37. a6 Qf6 38. Qb5 Re7 39. Qa4 Qe6 40. Ra3
d5 41. Rda1 Na7 42. Bxa7 Rxa7 43. Qd4 Qf7 44. Rb1 Rc4 45. Qh8+ Qh7 46. Qd8 Qg7
47. Qxd5 Qc7 48. Qd2 Qc5+ 49. Qe3 Qxe3+ 50. Rxe3 Rxa6 51. Kf2 Rc2+ 52. Re2
Rxe2+ 53. Kxe2 Ra2+ 54. Kf1 e3 55. Re1 Rf2+ 56. Kg1 Rxf4 57. Rxe3 Kg5 58. Rg3+
Rg4 59. Ra3 Rb4 60. Rg3+ Kf6 61. Ra3 h4 62. h3 Ke5 63. Kf2 g5 64. Re3+ Re4 65.
Ra3 Rf4+ 66. Ke3 Rd4 67. Kf3 g4+ 68. hxg4 fxg4+ 69. Kf2 Rd2+ 70. Kf1 Kf4 71.
Rb3 (71. g3+ $1 hxg3 ({
Die sattsam bekannte Philidor-Verteidigungsstellung entsteht nach} 71... Kg5
72. gxh4+ Kxh4 73. Kg1 $11 {Weiss kontrolliert vorbildlich die 3. Reihe. Um
sich nun Windschatten fuer seinen Koenig zu verschaffen, muesste Schwarz den
Bauern zunaechst vortreiben, worauf der weisse Turm sofort zum Angriff von
hinten uebergeht.}) 72. Kg1 $11 {Es ist von grossem praktischen Wert zu wissen
(und im rechtem Moment auch daran zu denken!), dass es bei der Bewertung
technischer Turmendspiele in den allermeisten Faellen keinen Unterschied macht,
ob der Angreifer einen Bauern oder aber einen isolierten Doppelbauern besitzt.
I-s-t es remis, dann b-l-e-i-b-t es remis! Ergaenzend darf man feststellen,
dass "Springer"-Bauern (also g- bzw. b-Bauern) selbst dann harmlos sind, wenn
es gelingt, den verteidigenden Turm an seine Grundreihe zu binden, weil dem
Turm der staerkeren Seite in der Naehe des Brettrandes der Raum fuer eine
"Umgehung" fehlt. (Schulenburg).}) 71... Rd4 72. Kf2 Re4 73. Ra3 g3+ 74. Kf1
Rc4 75. Rf3+ Ke4 76. Ra3 Rc1+ 77. Ke2 Rc2+ 78. Kf1 Rf2+ 79. Kg1 Rd2 80. Kf1 Rd3
81. Ra4+ Ke3 82. Ra1 Rc3 83. Ke1 h3 84. Kf1 h2 85. Re1+ Kf4 0-1

[Event "63. BEM 2009"]
[Site "Dortmund"]
[Date "2009.03.03"]
[Round "5.4"]
[White "Ziperstein, Jakob"]
[Black "Goldschmidt, Christian"]
[Result "0-1"]
[WhiteElo "1801"]
[BlackElo "2169"]
[PlyCount "112"]
[EventDate "2009.??.??"]
[Source "SG Dortmund"]
[SourceDate "2004.12.16"]

1. e4 d6 2. d4 Nf6 3. Nc3 g6 4. f4 Bg7 5. Nf3 O-O 6. Bd3 Na6 7. O-O c5 8. e5
Ng4 9. dxc5 Nxc5 10. Be2 dxe5 11. h3 e4 12. hxg4 exf3 13. Bxf3 Bxc3 14. bxc3
Qxd1 15. Rxd1 Be6 16. Be3 Rac8 17. a4 a5 18. f5 Bc4 19. Rd4 Ba6 20. Rb1 e5 21.
Rd5 Nxa4 22. Rxe5 Nxc3 23. Re1 a4 24. Re7 Rfd8 25. f6 a3 26. Bd4 h6 27. Bb6 Rf8
28. Ba5 a2 29. Ra1 Kh7 30. Bxc3 Rxc3 31. Rxa2 Bc4 32. Rb2 b5 33. Rc7 Re3 34.
Kf2 Re5 35. Rc6 Rd8 36. Kg3 g5 37. Rc7 Kg6 38. Re7 Kxf6 39. Rxe5 Kxe5 40. Rb1
Rd2 41. Re1+ Kd4 42. Be4 Re2 43. Rxe2 Bxe2 44. Bf5 Kc3 45. Be4 Bd1 46. Bd5 f6
47. Kh3 Bxc2 48. Kg3 b4 49. Kh2 Bd3 50. g3 Bc4 51. Be4 b3 52. Bf5 b2 53. Be4
Bd5 54. Bg2 b1=Q 55. Kh3 Be4 56. Bxe4 Qxe4 0-1

[Event "63. BEM 2009"]
[Site "Dortmund"]
[Date "2009.03.03"]
[Round "5.5"]
[White "Lindam, Ingo"]
[Black "Morawietz, Manuel"]
[Result "1-0"]
[WhiteElo "2033"]
[BlackElo "1810"]
[PlyCount "25"]
[EventDate "2009.??.??"]
[Source "SG Dortmund"]
[SourceDate "2004.12.16"]

1. d4 d5 2. Nf3 Nf6 3. Bf4 Nh5 4. Bd2 e6 5. c4 c6 6. Nc3 Nd7 7. Qc2 Nhf6 8. g4
Nxg4 9. Rg1 f5 10. cxd5 cxd5 11. Nb5 Kf7 12. h3 Qb6 13. Nc7 1-0

[Event "63. BEM 2009"]
[Site "Dortmund"]
[Date "2009.03.03"]
[Round "5.6"]
[White "Kartsev, Alexandr"]
[Black "Ziemek, Gerhard"]
[Result "1-0"]
[WhiteElo "1988"]
[BlackElo "1733"]
[PlyCount "43"]
[EventDate "2009.??.??"]
[Source "SG Dortmund"]
[SourceDate "2004.12.16"]

1. d4 d5 2. Nf3 Nf6 3. Bg5 e6 4. e3 Be7 5. c4 dxc4 6. Bxc4 O-O 7. Nc3 Nbd7 8.
O-O Nb6 9. Bb3 Nbd5 10. Rc1 Nxc3 11. bxc3 Ne4 12. Bxe7 Qxe7 13. Qd3 Nd6 14. e4
Bd7 15. Bc2 g6 16. e5 Nf5 17. Qd2 Bc6 18. Ng5 Ng7 19. Be4 Bxe4 20. Nxe4 Rad8
21. Nf6+ Kh8 22. Qh6 1-0

[Event "63. BEM 2009"]
[Site "Dortmund"]
[Date "2009.03.03"]
[Round "5.7"]
[White "Clausen, Dirk"]
[Black "Hellwig, Thomas"]
[Result "0-1"]
[WhiteElo "1606"]
[BlackElo "1858"]
[Annotator "P. Schulenburg"]
[PlyCount "141"]
[EventDate "2009.??.??"]
[Source "SG Dortmund"]
[SourceDate "2004.12.16"]

1. c4 Nf6 2. d4 g6 3. Nc3 Bg7 4. g3 d5 5. Bg2 dxc4 6. Qa4+ Nfd7 7. Nf3 O-O 8.
Qxc4 Nc6 9. e3 Nb6 10. Qe2 Bg4 11. h3 Bxf3 12. Bxf3 e5 13. Bxc6 bxc6 14. dxe5
Bxe5 15. O-O Nd5 16. Qc4 Qd7 17. Kh2 Rab8 18. a3 Rfe8 19. Rd1 Qf5 20. Kg2 Bxc3
21. bxc3 Qc2 22. Rd2 Qxc3 23. Qxc3 Nxc3 24. Rc2 Rb3 25. Bd2 Ne4 26. Bb4 Re6 27.
Rd1 c5 28. Bxc5 Nxc5 29. Rxc5 Rxa3 30. Rxc7 Ra2 31. Rdc1 Rxe3 32. Rxa7 Rxg3+
33. Kxg3 Rxa7 34. h4 Ra3+ 35. f3 Kg7 36. Rc5 Kh6 37. Rc7 Kg7 38. Rb7 Ra1 39.
Kg2 Re1 40. Kf2 Rh1 41. Kg3 Re1 42. Kf2 Re6 43. Kg3 Rf6 44. Kg4 Rf5 45. Rb6 h5+
46. Kg3 f6 47. f4 Rc5 48. Rb7+ Kf8 49. Rb8+ Kf7 50. Rb7+ Ke6 51. Rb3 Kf5 52.
Ra3 Rd5 53. Kf3 Rd1 54. Ra5+ Ke6 55. Ra6+ Rd6 56. Ra5 Rd3+ 57. Kg2 Rd5 58. Rxd5
Kxd5 59. Kf3 Kd6 (59... f5 $1 60. Ke3 Kc4 {Mit Hilfe einer einfachen Regel
kann die Stellung in Sekundenschnelle als gewonnen bewertet werden: Angreifer
(Kc4) und Angriffsobjekt (Bauer f4) befinden sich auf gleicher Hoehe (4. Reihe)
. Sobald dies der Fall ist, kann der verteidigende Koenig i-m-m-e-r
abgedraengt werden, z.B.} 61. Ke2 Kd4 62. Kf3 Kd3 63. Kf2 Ke4 64. Kg3 Ke3 {
usw. (Schulenburg)}) 60. Ke4 Ke7 61. Kd4 Kf7 62. Ke3 Ke7 63. Kd4 Kd6 64. Ke4
Ke6 65. Ke3 (65. f5+ gxf5+ 66. Kf4 Ke7 67. Kxf5 Kf7 {
haette Weiss nicht gerettet (Schulenburg).}) 65... Kd5 66. Kd3 f5 $1 {
Es scheint, als haette Schwarz nun die Anmerkung zu seinem 59. Zug gelesen ;-)}
67. Ke3 Kc4 68. Ke2 Kd4 69. Kf3 Kd3 70. Kf2 Ke4 71. Kg3 0-1

[Event "63. BEM 2009"]
[Site "Dortmund"]
[Date "2009.03.03"]
[Round "5.8"]
[White "Schultz, Bernfried"]
[Black "Lauche, Christoph"]
[Result "0-1"]
[WhiteElo "1683"]
[BlackElo "1950"]
[PlyCount "114"]
[EventDate "2009.??.??"]
[Source "SG Dortmund"]
[SourceDate "2004.12.16"]

1. e4 e5 2. Nf3 Nc6 3. d4 exd4 4. Nxd4 Bc5 5. Be3 Qf6 6. c3 Qg6 7. Nd2 Nf6 8.
Nxc6 Bxe3 9. Ne5 Bxd2+ 10. Qxd2 Qxe4+ 11. Qe2 d6 12. Nd3 Bd7 13. Qxe4+ Nxe4 14.
f3 Nf6 15. O-O-O O-O-O 16. Nf4 g5 17. Nd5 Nxd5 18. Rxd5 Rde8 19. Kd2 Re5 20.
Rxe5 dxe5 21. Bc4 f6 22. h4 g4 23. fxg4 Bxg4 24. Rf1 Rf8 25. Bd3 Rf7 26. Ke3
Be6 27. a3 Kd7 28. Rf2 Ke7 29. Be4 c6 30. Bd3 f5 31. Be2 Rg7 32. Bd3 Kf6 33.
Be2 Rg3+ 34. Kd2 e4 35. Ke1 Ke5 36. Bf1 f4 37. Rd2 Re3+ 38. Kf2 Rg3 39. Rd8 e3+
40. Ke1 Rg7 41. Re8 b5 42. c4 a6 43. cxb5 axb5 44. Ke2 Rd7 45. b3 Rd2+ 46. Ke1
Kf6 47. Rf8+ Bf7 48. a4 Ke7 49. Rxf7+ Kxf7 50. axb5 cxb5 51. Bxb5 Rxg2 52. h5
f3 53. Kf1 Rb2 54. Bd3 Kg7 55. Be4 Ra2 56. Kg1 Ra1+ 57. Kh2 e2 0-1

[Event "63. BEM 2009"]
[Site "Dortmund"]
[Date "2009.03.03"]
[Round "5.9"]
[White "Borjini, Mohamed"]
[Black "Sonntag, Joachim"]
[Result "0-1"]
[WhiteElo "1941"]
[BlackElo "1788"]
[PlyCount "49"]
[EventDate "2009.??.??"]
[Source "SG Dortmund"]
[SourceDate "2004.12.16"]

1. d4 d5 2. c4 c6 3. Nc3 e6 4. e3 Nf6 5. Nf3 Bd6 6. Bd3 Nbd7 7. O-O O-O 8. e4
dxc4 9. Bxc4 e5 10. Bg5 Re8 11. Qb3 Qe7 12. dxe5 Nxe5 13. Nxe5 Bxe5 14. f4 Bxc3
15. e5 Bd4+ 16. Kh1 b5 17. Bd3 Qe6 18. Qc2 h6 19. Bh4 Nd5 20. Bh7+ Kh8 21. f5
Qxe5 22. f6 Ne3 23. Qxc6 Be6 24. fxg7+ Qxg7 25. Be4 0-1

[Event "63. BEM 2009"]
[Site "Dortmund"]
[Date "2009.03.03"]
[Round "5.10"]
[White "Kropp, Andreas"]
[Black "Rzoczek, Christoph"]
[Result "1-0"]
[WhiteElo "1884"]
[BlackElo "1622"]
[PlyCount "78"]
[EventDate "2009.??.??"]
[Source "SG Dortmund"]
[SourceDate "2004.12.16"]

1. Nf3 d6 2. d4 Nf6 3. c4 g6 4. Nc3 Bg7 5. e4 O-O 6. Be2 c6 7. Bg5 Qc7 8. O-O
Bg4 9. Ne1 Bxe2 10. Qxe2 e5 11. d5 h6 12. Bd2 Kh7 13. Nd3 Qd7 14. Rfd1 c5 15.
a3 Qg4 16. f3 Qc8 17. Rac1 a6 18. Na4 Nbd7 19. b4 b5 20. Nab2 Qb7 21. Rb1 Qa7
22. Be3 h5 23. Qd2 Ng8 24. bxc5 Bh6 25. a4 Rfc8 26. axb5 Bxe3+ 27. Qxe3 Nxc5
28. Nxc5 axb5 29. cxb5 Rxc5 30. Nd3 Qa3 31. Qe1 Rcc8 32. b6 Rab8 33. Qb4 Rc3
34. Qxa3 Rxa3 35. Rb5 Nf6 36. Nb2 Ra6 37. Nc4 Ne8 38. Ra5 Raxb6 39. Nxb6 Rxb6
1-0

[Event "63. BEM 2009"]
[Site "Dortmund"]
[Date "2009.03.03"]
[Round "5.11"]
[White "Hoppe, Dirk"]
[Black "Grawe, Herbert"]
[Result "1-0"]
[WhiteElo "1818"]
[BlackElo "1491"]
[PlyCount "37"]
[EventDate "2009.??.??"]
[Source "SG Dortmund"]
[SourceDate "2004.12.16"]

1. e4 Nc6 2. Nc3 e5 3. Nf3 a6 4. d4 exd4 5. Nxd4 Ne5 6. Be2 c6 7. O-O f5 8.
Nxf5 d5 9. Bf4 Nf7 10. Re1 g6 11. exd5 Bxf5 12. Bc4+ Ne7 13. d6 Qb6 14. dxe7
Bxe7 15. Qe2 Qc5 16. Na4 Bg4 17. Nxc5 Bxe2 18. Rxe2 Kf8 19. Nd7+ 1-0

[Event "63. BEM 2009"]
[Site "Dortmund"]
[Date "2009.03.03"]
[Round "5.12"]
[White "Duschek, Günter"]
[Black "Krüger, Inge"]
[Result "1-0"]
[WhiteElo "1640"]
[BlackElo "1272"]
[PlyCount "125"]
[EventDate "2009.??.??"]
[Source "SG Dortmund"]
[SourceDate "2004.12.16"]

1. d4 d5 2. Bf4 e6 3. e3 Nf6 4. c3 Be7 5. Nf3 O-O 6. Nbd2 Nbd7 7. Bd3 c5 8. Rc1
c4 9. Bb1 Nb6 10. O-O h6 11. Re1 Bd6 12. Ne5 Qe7 13. Qc2 Nbd7 14. h4 Re8 15. e4
Nf8 16. exd5 Nxd5 17. Bg3 Qc7 18. Ndxc4 Bxe5 19. Nxe5 Qe7 20. a3 Nb6 21. Re3
Nbd7 22. Rce1 Nxe5 23. dxe5 Bd7 24. Rd3 Rac8 25. Red1 Bc6 26. Rd6 Bd5 27. b3 b5
28. Ba2 Qb7 29. f3 a5 30. c4 bxc4 31. bxc4 Qc7 32. Rc1 Qc5+ 33. Bf2 Qxa3 34.
Qd2 Qa4 35. Ra6 Qb4 36. Qxb4 axb4 37. Rb6 Nd7 38. Rxb4 Nxe5 39. Rd1 Bxc4 40.
Bxc4 Rxc4 41. Rb7 g5 42. hxg5 hxg5 43. Bg3 Rc5 44. f4 gxf4 45. Bxf4 Rd5 46. Ra1
Kg7 47. Rf1 Nd7 48. Ra1 Nc5 49. Rc7 Red8 50. Be3 Rd1+ 51. Rxd1 Rxd1+ 52. Kh2
Ne4 53. Rc4 Nd6 54. Rg4+ Kf8 55. Bc5 Ke7 56. Ra4 Kf6 57. Rf4+ Ke5 58. Bxd6+
Rxd6 59. Rxf7 Kd5 60. Kg3 Ke5 61. Kf3 Rd3+ 62. Ke2 Kd4 63. Rd7+ 1-0

[Event "63. BEM 2009"]
[Site "Dortmund"]
[Date "2009.03.03"]
[Round "5.13"]
[White "Schrimpl, Michael"]
[Black "Gerke, Dieter"]
[Result "0-1"]
[WhiteElo "1476"]
[BlackElo "1587"]
[PlyCount "70"]
[EventDate "2009.??.??"]
[Source "SG Dortmund"]
[SourceDate "2004.12.16"]

1. c4 e5 2. Nc3 Nf6 3. Nf3 d6 4. g3 Be7 5. Bg2 Nc6 6. a3 Be6 7. d3 O-O 8. b4 a6
9. O-O Qd7 10. Rb1 Bh3 11. a4 Bxg2 12. Kxg2 Rad8 13. b5 axb5 14. axb5 Nd4 15.
e4 Ra8 16. Nxd4 exd4 17. Ne2 Ra2 18. Nxd4 d5 19. Rb2 Rxb2 20. Bxb2 dxe4 21.
dxe4 Nxe4 22. f3 Nd6 23. Qa4 Bf6 24. Rd1 Re8 25. Qc2 Qe7 26. Rd2 Qe1 27. Re2
Rxe2+ 28. Nxe2 Bxb2 29. Qxb2 Nxc4 30. Qa2 Ne3+ 31. Kh3 Qf1+ 32. Kh4 Ng2+ 33.
Kg4 h5+ 34. Kg5 Qxf3 35. Qc4 Qf6+ 0-1

[Event "63. BEM 2009"]
[Site "Dortmund"]
[Date "2009.03.03"]
[Round "5.14"]
[White "Gegner, Michael"]
[Black "Reinacher, Detlev"]
[Result "1-0"]
[WhiteElo "1440"]
[BlackElo "1554"]
[PlyCount "45"]
[EventDate "2009.??.??"]
[Source "SG Dortmund"]
[SourceDate "2004.12.16"]

1. d4 d5 2. e4 dxe4 3. Nc3 Nf6 4. f3 exf3 5. Nxf3 e6 6. Bg5 Be7 7. Bd3 O-O 8.
O-O b6 9. Qe1 Bb7 10. Qh4 Nbd7 11. Ne5 h6 12. Bxh6 gxh6 13. Qxh6 Nxe5 14. dxe5
Qd4+ 15. Kh1 Ne4 16. Rf3 Bg5 17. Qh5 Rad8 18. Raf1 Qxe5 19. Rh3 Qg7 20. Nxe4
Bxe4 21. Bxe4 Rd6 22. Rg3 f6 23. h4 1-0

[Event "63. BEM 2009"]
[Site "Dortmund"]
[Date "2009.03.03"]
[Round "5.15"]
[White "Noori, Mir Ahmad"]
[Black "Jentzsch, Werner Wilfried"]
[Result "1/2-1/2"]
[WhiteElo "1548"]
[BlackElo "1414"]
[PlyCount "90"]
[EventDate "2009.??.??"]
[Source "SG Dortmund"]
[SourceDate "2004.12.16"]

1. d4 Nf6 2. Nf3 d5 3. e3 Nc6 4. Be2 Bf5 5. a3 Qd6 6. b3 e5 7. dxe5 Nxe5 8. Bb2
Nxf3+ 9. Bxf3 O-O-O 10. Nd2 Ne4 11. Nxe4 dxe4 12. Qxd6 Bxd6 13. Be2 f6 14. h3
Rhe8 15. O-O Be5 16. Bxe5 Rxe5 17. Rfd1 Red5 18. Rxd5 Rxd5 19. Kf1 Rd2 20. Rc1
Rd6 21. Ke1 Be6 22. c4 Ra6 23. Ra1 c5 24. Kd2 Kc7 25. Kc3 Rd6 26. b4 b6 27. h4
h5 28. f4 Bf7 29. Rd1 Rxd1 30. Bxd1 Kd6 31. g4 hxg4 32. Bxg4 Be6 33. Bh5 Bf5
34. Bf7 Be6 35. Bg6 f5 36. Be8 Bd7 37. Bxd7 Kxd7 38. Kb3 Kc6 39. Ka4 a6 40. Kb3
g6 41. a4 Kd6 42. Kc3 Ke6 43. b5 a5 44. Kd2 Kf6 45. Ke2 Kg7 1/2-1/2

[Event "63. BEM 2009"]
[Site "Dortmund"]
[Date "2009.03.03"]
[Round "5.16"]
[White "Hansen, Jochen"]
[Black "Benke, Werner"]
[Result "0-1"]
[WhiteElo "1396"]
[BlackElo "1543"]
[PlyCount "78"]
[EventDate "2009.??.??"]
[Source "SG Dortmund"]
[SourceDate "2004.12.16"]

1. Nf3 d5 2. g3 Nf6 3. Bg2 g6 4. d3 Bg7 5. Nbd2 O-O 6. O-O Nbd7 7. c4 c6 8. Rb1
b6 9. b4 Rb8 10. Bb2 Bb7 11. Ne5 Nh5 12. Ndf3 Nxe5 13. Nxe5 Qd6 14. c5 bxc5 15.
bxc5 Qc7 16. d4 Ba6 17. Re1 Rfd8 18. Qa4 Bb5 19. Qc2 Kf8 20. e4 Bxe5 21. dxe5
d4 22. f4 Ng7 23. Rbd1 Qa5 24. Bc1 Ba4 25. Qd2 Qb5 26. f5 Bxd1 27. f6 Ne6 28.
Qh6+ Ke8 29. Rxd1 exf6 30. Qxh7 fxe5 31. Qh8+ Kd7 32. Qf6 Qxc5 33. Qf1 Ke8 34.
Qa6 Qd6 35. Qc4 Rb4 36. Qf1 Rdb8 37. Qf6 d3 38. Bh3 Qd4+ 39. Kf1 Qxe4 0-1

[Event "63. BEM 2009"]
[Site "Dortmund"]
[Date "2009.03.03"]
[Round "5.17"]
[White "Wiebesiek, Michael"]
[Black "Siwy, Boguslaw"]
[Result "1-0"]
[WhiteElo "1524"]
[BlackElo "1412"]
[PlyCount "53"]
[EventDate "2009.??.??"]
[Source "SG Dortmund"]
[SourceDate "2004.12.16"]

1. d4 d5 2. Bg5 Nf6 3. Nf3 Nbd7 4. e3 e6 5. c4 c6 6. a3 Be7 7. Nc3 h6 8. Bh4 g5
9. Bg3 Nh5 10. Bd3 Ndf6 11. O-O Nxg3 12. fxg3 dxc4 13. Bxc4 Qc7 14. Ne5 Bd6 15.
Rxf6 Bxe5 16. dxe5 Qxe5 17. Qd4 Qxd4 18. exd4 Ke7 19. Raf1 Rf8 20. Rxh6 Bd7 21.
Ne4 Rad8 22. Nxg5 Be8 23. Rhf6 Rxd4 24. Bxe6 Rd6 25. Nxf7 Rxf7 26. Rxf7+ Bxf7
27. Bxf7 1-0